Vista normal Vista MARC

Entrada Nombre personal

Número de registros utilizados en: 3

001 - NÚMERO DE CONTROL

  • Campo de control: 33574

003 - IDENTIFICADOR DE NÚMERO DE CONTROL

  • Campo de control: OSt

005 - FECHA Y HORA DE LA ULTIMA MODIFICACION

  • Campo de control: 20150420090304.0

008 - ELEMENTOS DE DATOS DE LONGITUD FIJA

  • Campo de longitud fija: 150420|| aca||aabn | a|a d

040 ## - FUENTE DE LA CATALOGACIÓN

  • Agencia original de catalogación: OSt

100 1# - ENCABEZAMIENTO--NOMBRE DE PERSONA

  • Nombre personal: Castillo Saavedra, Robin Antonio

400 1# - TRAZADO VEÁSE--NOMBRE DE PERSONA

  • Nombre personal: Castillo, Robin

400 1# - TRAZADO VEÁSE--NOMBRE DE PERSONA

  • Nombre personal: Saavedra, Antonio

670 ## - FUENTE DE DATOS ENCONTRADOS

  • Fuente de citación: Informe de pasantía, institución de desempeño: Universidad Católica de El Salvador

670 ## - FUENTE DE DATOS ENCONTRADOS

  • Fuente de citación: BMC 20-04-2015